[Event "Budapest FS10 IM-A"]
[Site "Budapest"]
[Date "1993.??.??"]
[Round "6"]
[White "Kahn, Evarth"]
[Black "Balogh, Bela"]
[Result "1/2-1/2"]
[WhiteElo "2390"]
[BlackElo "2255"]
[PlyCount "95"]
[EventDate "1993.10.??"]
[EventType "tourn"]
[EventRounds "11"]
[EventCountry "HUN"]
[EventCategory "2"]
[SourceTitle "EXT 1997"]
[Source "ChessBase"]
[SourceDate "1996.11.15"]
[SourceVersion "1"]
[SourceVersionDate "1996.11.15"]
[SourceQuality "1"]

1. d4 Nf6 2. c4 g6 3. Nc3 Bg7 4. e4 d6 5. f4 0-0 6. Nf3 c5 7. d5 e6 8. Be2 exd5 9. cxd5 Re8 10. e5 dxe5 11. fxe5 Ng4 12. Bg5 f6 13. exf6 Bxf6 14. Qd2 Bxg5 15. Qxg5 Qxg5 16. Nxg5 Ne3 17. Kf2 Nc2 18. Rac1 Rf8+ 19. Bf3 Nb4 20. Rhd1 Bf5 21. Ne6 Nd3+ 22. Rxd3 Bxd3 23. Nxf8 Kxf8 24. Na4 c4 25. Nc5 Na6 26. Nxd3 cxd3 27. Ke3 Ke7 28. Kxd3 Kd6 29. Re1 Nc5+ 30. Kd4 Rf8 31. b4 Rf4+ 32. Kc3 Na6 33. Re6+ Kd7 34. Re4 Rf8 35. Bg4+ Kd6 36. Re6+ Kxd5 37. Re7 Nxb4 38. Rxb7 Nxa2+ 39. Kb3 Rf2 40. Bf3+ Kd4 41. Rxh7 Nc1+ 42. Ka4 Nd3 43. Rh4+ Kc3 44. Bd5 Nf4 45. Be4 Nxg2 46. Rh3+ Kc4 47. Bd3+ Kd5 48. Bxg6 1/2-1/2